Library Banner

Qurat ul ayun ul muwahideen(arabic)/ (Record no. 101166)

MARC details
000 -LEADER
fixed length control field 00412nam a22001457a 4500
005 - DATE AND TIME OF LATEST TRANSACTION
control field 20171228130324.0
008 - FIXED-LENGTH DATA ELEMENTS--GENERAL INFORMATION
fixed length control field 171228b xxu||||| |||| 00| 0 eng d
040 ## - CATALOGING SOURCE
Transcribing agency PK-LaUMT
082 ## - DEWEY DECIMAL CLASSIFICATION NUMBER
Classification number PKAC 297.74
Item number ABD-Q
100 ## - MAIN ENTRY--PERSONAL NAME
Personal name Abdul Rehman
245 ## - TITLE STATEMENT
Title Qurat ul ayun ul muwahideen(arabic)/
Statement of responsibility, etc Abdul Rehman
260 ## - PUBLICATION, DISTRIBUTION, ETC. (IMPRINT)
Place of publication, distribution, etc لاہور:
Name of publisher, distributor, etc انصار السنۃ المحمدیہ،
Date of publication, distribution, etc [ ]
300 ## - PHYSICAL DESCRIPTION
Extent 353 ص
942 ## - ADDED ENTRY ELEMENTS (KOHA)
Koha item type Books
Holdings
Withdrawn status Lost status Damaged status Home library Current library Date acquired Full call number Barcode Date last seen Copy number Price effective from Koha item type
      UMT Main Campus UMT Main Campus 2017-12-28 PKAC 297.74 ABD-Q 116932 2017-12-28 V-1 2017-12-28 Books
      UMT Main Campus UMT Main Campus 2017-12-28 PKAC 297.74 ABD-Q 116933 2017-12-28 V-2 2017-12-28 Books